Normal view
MARC view
- Burns and scalds
Entry Topical Term
001 - CONTROL NUMBER
- control field: 100420
003 - CONTROL NUMBER IDENTIFIER
- control field: NUST
005 - DATE AND TIME OF LATEST TRANSACTION
- control field: 20221017120101.0
008 - FIXED-LENGTH DATA ELEMENTS
- fixed length control field: 221017|| aca||aabn | a|a d
040 ## - CATALOGING SOURCE
- Original cataloging agency: NUST
- Transcribing agency: NUST
150 ## - HEADING--TOPICAL TERM
- Topical term or geographic name entry element: Burns and scalds
- General subdivision: Treatment
670 ## - SOURCE DATA FOUND
- Source citation: Work cat.: (NUST)183196: Munster, Andrew M., 100419, Burn care for the house officer /, c1980.
